| 000 | 00567nam a22002177a 4500 | ||
|---|---|---|---|
| 005 | 20131129113304.0 | ||
| 008 | 131129b xxu||||| |||| 00| 0 eng d | ||
| 020 |
_a9788125910565 _c360.00 |
||
| 040 | _aLoreto College | ||
| 041 | _aEnglish | ||
| 082 |
_a371.3 _bAGG |
||
| 100 | _aAggarwal, J.C. | ||
| 245 |
_aPrinciples, methods and techniques of teaching _cJ.C.Aggarwal |
||
| 250 | _a2nd ed. | ||
| 260 |
_aVikas _bNew Delhi _c2011 |
||
| 300 |
_axi, 427p. _b21cm |
||
| 504 | _aIncludes index | ||
| 650 | _aTeaching technique | ||
| 850 | _aLCBED | ||
| 942 | _cBK | ||
| 999 |
_c38885 _d89364 |
||